000
00309nam a2200133Ia 4500
008
231017s9999 xx 000 0 und d
082
_a
624.15
082
_b
TRB
245
0
_a
Guide to Earthwork Construction: State of the Art Report 8
245
0
_c
TRB
260
_b
TRB
300
_c
30cm
942
_c
REP
999
_c
604084
_d
604084